Flags of world/territory and Empire 1 - Statistics

General Stats
  • This quiz has been taken 142 times
    140 since last reset
  • The average score is 20 of 54
Answer Stats
Picture Answer % Correct
United States of America
98%
Malaysia
76%
Liberia
75%
Brazil
67%
California
63%
Cambodia
62%
Wales
62%
Nepal
61%
Greenland
57%
Russia
57%
Soviet Union
57%
Bhutan
56%
South korea
56%
Denmark
55%
Netherlands
54%
Myanmar
53%
Philippines
51%
Texas
51%
United Kingdom
51%
Greece
49%
Guam
49%
Washington D. C.
49%
Czechia
45%
German empire
45%
South Dakota
43%
Tibet
43%
Florida
41%
North Macedonia
40%
East Germany
39%
Sri lanka
37%
Indonesia
35%
Puerto Rico
35%
New mexico
34%
Quebec
32%
Western Sahara
31%
Grenada
30%
French Guiana
29%
Niue
23%
Basque Country
13%
Rome
13%
Saba
13%
Maori
12%
Democratic Kampuchea
9%
Kuala lumpur
9%
Paris
5%
Sabah
5%
Crete
4%
Kelantan
4%
Malacca
4%
Caricom
3%
Dahomey
3%
Perlis
3%
North Sumatra
1%
San Juan
1%
No matching quizzes found
Score Distribution
Percent of People with Each Score
Percentile by Number Answered
Your Score History
You have not taken this quiz since the last reset